| 000 | 00704nam a22002057a 4500 | ||
|---|---|---|---|
| 999 |
_c12254 _d12254 |
||
| 003 | AR-CdUCM | ||
| 008 | 190408b ||||| |||| 00| 0 spa d | ||
| 040 |
_aMUNICIPALIDAD PROVINCIAL DEL CUSCO _cBIBLIOTECA MUNICIPAL DEL CUSCO |
||
| 082 |
_aC / 869.557 / _bG18 / 1923 |
||
| 100 |
_aGamarra, Abelardo M. _926258 |
||
| 245 |
_aUna faz de Gonzales Prada, su cariño para los animales : _bAnécdotas históricos / |
||
| 260 |
_aLima : _bLitografía e Impr. T. Scheuch, _c1923. |
||
| 300 |
_a13 paginas ; _c19cm. |
||
| 500 | _aDonación familia nieto / | ||
| 505 | _aContenido : | ||
| 650 |
_aLiteratura peruana _9169 |
||
| 650 |
_aManuscritos _98377 |
||
| 942 |
_2ddc _cLIBROS |
||
| 945 |
_arjall _d2019-04-08 |
||